|
|
|
|
| LEADER |
00000csc a2200000 a 4500 |
| 001 |
68784 |
| 005 |
20231030120132.0 |
| 008 |
000121|2000 ||||||||r|||||||||||spa|| |
| 040 |
|
|
|b spa
|
| 041 |
1 |
|
|a spa
|
| 082 |
0 |
|
|a 986.6
|
| 100 |
1 |
|
|a Ponce Leiva, Pilar.
|9 29333
|
| 245 |
|
|
|a Antología de historia
|c Pilar Ponce Leiva
|h imp
|
| 264 |
|
|
|a Quito
|b FLACSO e ILDIS
|c 2000
|
| 490 |
|
|
|a Ciencias Sociales
|
| 650 |
1 |
|
|a Mujeres quiteñas del siglo xvii
|9 289978
|
| 700 |
1 |
|
|a Núñez Sánchez, Jorge.
|d 1947-2020
|9 4244
|
| 773 |
|
|
|t El Poder informal. Mujeres de Quito siglo XVII
|
| 852 |
|
|
|a UC-CDJBV
|c TERCER PISO
|f Donación
|k lucia.mora
|l 1
|m General
|p 20001213
|r 2
|t 68784
|b 0
|d CDRC
|e CDRC
|g 986.6 TERCER PISO
|z 2000-01-21
|
| 942 |
|
|
|
| 999 |
|
|
|c 117471
|d 117471
|